Nuevas técnicas en la formación de profesores

Kaydedildi:
Detaylı Bibliyografya
Asıl Yazarlar: Haysom, John T (Yazar), Sutton, Clive (Yazar), Holford, D. G (Yazar)
Materyal Türü: Kitap
Dil:İspanyolca
Baskı/Yayın Bilgisi: Barcelona Oikos-Tau 1981
Seri Bilgileri:Ciencias de la Educación
Konular:
Etiketler: Etiketle
Etiket eklenmemiş, İlk siz ekleyin!

MARC

LEADER 00000nam a2200000 a 4500
001 UCU0941
003 CL-VaPUC
008 960329e19810000SP |||||||||||||||||spa|d
082 0 4 |a 370.71  |b HAY  |2 21 
100 |a Haysom, John T  |e author  |9 374242 
700 0 |a Sutton, Clive  |e author  |9 356458 
700 0 |a Holford, D. G  |e author  |9 356459 
245 1 0 |a Nuevas técnicas en la formación de profesores 
300 |a 246 p 
942 |c BK 
945 |d 19960329 00:00:00  |a cmena 
260 |a Barcelona  |b Oikos-Tau  |c 1981 
650 0 |a Formación profesional de profesores  |9 307493 
650 7 |a DESARROLLO DE LOS CURRICULOS  |2 CL-VaPUC  |9 338829 
650 0 |a Innovaciones pedagógicas  |9 307471 
650 0 |a Planificación de la educación   |9 307333 
583 |a last modification  |c 19960329 00:00:00  |k Rodrigo Vera 
490 0 |a Ciencias de la Educación 
999 |c 245717  |d 245715 
952 |0 0  |1 0  |4 0  |6 370_710000000000000_HAY_1981  |7 0  |8 A  |9 260306  |a BIBEDU  |b BIBEDU  |c ES_NOD  |d 2019-11-19  |i 1635875  |o 370.71 HAY 1981  |p 1635875  |r 2023-08-09  |w 2019-11-19  |y BK  |k EDU